• 首页
  • 本馆介绍
  • 公告通知
  • 最新文献
  • 馆藏检索
  • 电子资源
  • 读者导购
  • 参考咨询
  • 我的图书馆
  • 登录
  • 详细信息显示
  • 放入我的书架
  • 预约/预借图书
  • 作者相关作品
  • 分类相关作品
  • 丛书相关作品
  • 出版社相关作品

书目信息

  • 表格格式
  • 工作单格式
  • 卡片格式
题名:
西北区域气候变化评估报告
    
 
作者: 陈晓光 , 张存杰 主编
分册:  
出版信息: 北京   中国科学技术出版社  2013.11
页数: 254页
开本: 26cm
丛书名:
单 册:
中图分类: P468.24
科图分类:
主题词: 气候变化--研究报告--西北地区 , 气候变化
电子资源:
ISBN: 978-7-5046-6389-4
000 01060nam0 2200277 450
001 0120141257463
005 20140611150437.68
010    @a978-7-5046-6389-4@dCNY66.00
100    @a20140319d2013 em y0chiy0110 ea
101 0  @achi
102    @aCN@b110000
105    @aabc z 000yy
106    @ar
200 1  @a西北区域气候变化评估报告@9xi bei qu yu qi hou bian hua ping gu bao gao@f陈晓光,张存杰主编
210    @a北京@c中国科学技术出版社@d2013.11
215    @a254页@c图,地图,肖像@d26cm
300    @a中国科协三峡科技出版资助计划
330    @a本书对西北区域气候变化事实及原因、气候变化已经产生的影响、未来气候变化预估及可能影响、西北区域应对气候变化的政策和行动等问题进行了系统整理,较全面地反映和展示了西北区域气候变化研究的最新进展和成果。
333    @a语言逻辑学相关研究人员
606 0  @a气候变化@x研究报告@y西北地区
606 0  @a气候变化
690    @aP468.24@v5
701  0 @a陈晓光@9chen xiao guang@f(1955-)@4主编
701  0 @a张存杰@9zhang cun jie@f(1966-)@4主编
801  0 @aCN@b人天书店@c20140319
905    @b845406-08@dP468.24@e86@f3
    
    西北区域气候变化评估报告/陈晓光,张存杰主编.-北京:中国科学技术出版社,2013.11
    254页:图,地图,肖像;26cm
    中国科协三峡科技出版资助计划.-使用对象:语言逻辑学相关研究人员
    
    ISBN 978-7-5046-6389-4:CNY66.00
    本书对西北区域气候变化事实及原因、气候变化已经产生的影响、未来气候变化预估及可能影响、西北区域应对气候变化的政策和行动等问题进行了系统整理,较全面地反映和展示了西北区域气候变化研究的最新进展和成果。
●
相关链接 在E读中查询图书 在五车中查询图书 在当当中查询图书 在豆瓣中查询图书


正题名:西北区域气候变化评估报告     索取号:P468.24/86         预约/预借

序号 登录号 条形码 馆藏地/架位号 状态 备注
1 845406   208454064   第二样本阅览室/ [索取号:P468.24/86] 在馆    
2 845407   208454073   第三借阅区/ [索取号:P468.24/86] 在馆    
3 845408   208454082   密集书库-资源管理系/ [索取号:P468.24/86] 在馆    
唐山师范学院图书馆 欢迎您!
大连网信软件有限公司© 版权所有